| 000 | 00916nam a2200229 a 4500 | ||
|---|---|---|---|
| 700 |
_aДушков, Живодар Иванов _eред. и предг. _9368890 |
||
| 999 |
_c475592 _d475592 |
||
| 003 | BLK | ||
| 005 | 20230804005145.0 | ||
| 008 | 200702b bu ||||| |||| 00| 0 bu d | ||
| 040 | _aBLK | ||
| 041 |
_aBUL _cBUL |
||
| 080 |
_aБългарска литература _b821.163.2 _x-1 _z821.163.2-1 |
||
| 100 |
_aВасилев, Адриан Дионисиев _eпърви автор _9417093 |
||
| 139 |
_aВасилев, Адриан Дионисиев _bВ 24 |
||
| 245 |
_aШепот в рапана _cАдриан Василев ; предг. Атанас Панайотов |
||
| 260 |
_9209556 _aРусе _bАвангард принт _c2022 |
||
| 300 |
_a58 с. _c20 см |
||
| 380 | _aX | ||
| 856 |
_i0.00 _ldisable |
||
| 942 |
_cKNG _n0 _s1 |
||
| 944 |
_aCR _c2022-10-11 _k _lCRON CRON |
||